Riconosci il Pokémon - Quiz n°30 - Statistics

Statistiche generali
  • Questo quiz è stato fatto 14 volte
  • Il punteggio medio è 8 su 10
Statistiche sulle risposte
Indizio Risposta % Corretto
Generazione Quarta
100%
Tipo Folletto / Volante
92%
Stadio evoluzione Seconda evoluzione
92%
Altezza 1,5 m
83%
Peso 38,0 kg
83%
Abilità Tuttafretta; Leggiadro; Supersorte
83%
Sesso 87.5% ♂, 12.5% ♀
75%
Tasso di cattura 30 (8.8%)
67%
Tasso di allevamento Veloce
67%
Pokémon Togekiss
58%
Nessun quiz corrispondente trovato
Distribuzione punteggi
Percentuale di utenti per punteggio
Percentile per numero di risposta
I tuoi punteggi nel tempo
Non hai fatto questo quiz